Production and Operations Management
Na minha lista:
| Autor principal: | |
|---|---|
| Outros Autores: | |
| Formato: | Livro |
| Idioma: | inglês |
| Publicado em: |
San Diego
Harcourt Brace Jovanovich
1986
|
| Edição: | 1. ed. |
| Assuntos: | |
| Tags: |
Sem tags, seja o primeiro a adicionar uma tag!
|
MARC
| LEADER | 00000nam a2200000 4500 | ||
|---|---|---|---|
| 001 | c009583 | ||
| 005 | 20221207074051.1 | ||
| 020 | |a 0-15-571968-8 | ||
| 041 | 0 | |a eng | |
| 044 | |a US | ||
| 245 | 1 | 0 | |a Production and Operations Management |c William J. Sawaya, William C. Giauque |
| 250 | |a 1. ed. | ||
| 264 | 1 | |a San Diego |b Harcourt Brace Jovanovich |c 1986 | |
| 300 | |a 652 s. | ||
| 610 | 2 | 0 | |a manažment |
| 610 | 2 | 0 | |a výroba |
| 610 | 2 | 0 | |a metódy riadenia |
| 610 | 2 | 0 | |a produktivita práce |
| 610 | 2 | 0 | |a kontrola |
| 610 | 2 | 0 | |a štúdie prípadové |
| 100 | 1 | |a Sawaya, William J. | |
| 700 | 1 | |a Giauque, William C. | |